Shiva rahasyam/ (Record no. 41817)

000 -LEADER
fixed length control field 00356nam a22001451a 4500
082 ## - DEWEY DECIMAL CLASSIFICATION NUMBER
Classification number S 294.551 3
Item number ASH/S
100 ## - MAIN ENTRY--AUTHOR NAME
Personal name Ashok Kumar Gaud
245 ## - TITLE STATEMENT
Title Shiva rahasyam/
Statement of responsibility, etc by Ashok Kumar Gaud
260 ## - PUBLICATION, DISTRIBUTION, ETC. (IMPRINT)
Place of publication New Delhi:
Name of publisher Chaukhamba Publishing House,
Year of publication 2007.
300 ## - PHYSICAL DESCRIPTION
Number of Pages 432p.
650 ## - SUBJECT ADDED ENTRY--TOPICAL TERM
Topical Term Shaivism
650 ## - SUBJECT ADDED ENTRY--TOPICAL TERM
Topical Term Hinduism
650 ## - SUBJECT ADDED ENTRY--TOPICAL TERM
Topical Term Religion
942 ## - ADDED ENTRY ELEMENTS (KOHA)
Koha item type Book
Holdings
Withdrawn status Lost status Damaged status Not for loan Permanent Location Current Location Date acquired Cost, normal purchase price Full call number Accession Number Cost, replacement price Price effective from Koha item type
        Sree Sankaracharya University of Sanskrit Sree Sankaracharya University of Sanskrit 08.01.2015 100.00 S 294.551 3 ASH/S 071724 0.00 08.01.2015 Book